Doña Blanca de Navarra: crónica del siglo XV
Kaydedildi:
| Yazar: | |
|---|---|
| Materyal Türü: | Kitap |
| Dil: | İspanyolca |
| Baskı/Yayın Bilgisi: |
Madrid
Apostolado de la Prensa
1923
|
| Seri Bilgileri: | Lecturas Recreativas
|
| Konular: | |
| Etiketler: |
Etiketle
Etiket eklenmemiş, İlk siz ekleyin!
|
MARC
| LEADER | 00000nam a2200000 a 4500 | ||
|---|---|---|---|
| 001 | UCI6433 | ||
| 003 | CL-VaPUC | ||
| 008 | 080509e19230000SP |||||||||||||||||spa|d | ||
| 082 | 0 | 4 | |a 863 |b NAV |2 21 |
| 100 | |a Navarro Villoslada, Francisco |e autor |9 529746 | ||
| 245 | 1 | 0 | |a Doña Blanca de Navarra: crónica del siglo XV |
| 300 | |a 2 v | ||
| 942 | |c BK | ||
| 945 | |d 20080509 00:00:00 |a rbrito | ||
| 260 | |a Madrid |b Apostolado de la Prensa |c 1923 | ||
| 500 | |a Donación Padres Capuchinos | ||
| 650 | 0 | |a Novelas españolas |9 265052 | |
| 583 | |a last modification |c 20080509 00:00:00 |k Rodrigo Vera | ||
| 490 | 0 | |a Lecturas Recreativas | |
| 999 | |c 329944 |d 329942 | ||
| 952 | |0 0 |1 0 |4 0 |6 863_000000000000000_NAV_1923 |7 0 |8 X |9 415190 |a FDOBUD |b FDOBUD |d 2019-11-22 |h v.1 |i 4437640 |o 863 NAV 1923 |p 4437640 |r 2019-11-22 |w 2019-11-22 |y BK_X |k BUD | ||
| 952 | |0 0 |1 0 |4 0 |6 863_000000000000000_NAV_1923 |7 0 |8 X |9 415191 |a FDOBUD |b FDOBUD |d 2019-11-22 |h v.2 |i 4437659 |o 863 NAV 1923 |p 4437659 |r 2019-11-22 |w 2019-11-22 |y BK_X |k BUD | ||